| 000 | 01043nam a22003257a 4500 | ||
|---|---|---|---|
| 001 | BR9903476 | ||
| 003 | BR-BrBNA | ||
| 005 | 20230928100440.0 | ||
| 007 | ta | ||
| 008 | 230509b bl.||||| |||| 00| 0 por d | ||
| 040 |
_aBR-BrBNA _bpor _cBiblioteca Nacional de Agricultura |
||
| 041 | _a(Por) | ||
| 072 |
_aP33; F61 _b0120 |
||
| 090 | _ 0120 BR9903476 | ||
| 100 | 1 | _aRodrigues, E.C.O. | |
| 110 | 1 |
_aUniversidade Federal de Vicosa, MG (Brasil) _0Tese (Magister Scientiae) |
|
| 245 | 1 | _aEfeito da aplicacao de sulfato de calcio e de uma mistura de carbonatos de calcio e magnesio sobre caracteristicas quimicas do solo e o crescimento de plantas de milho | |
| 260 | 3 |
_aVicosa, MG (Brasil): _c1993. |
|
| 300 | _a103 p. | ||
| 500 | _a49 ref.; 38 tables; Summary (Por) | ||
| 650 | _aMilho | ||
| 650 | _aSolo | ||
| 650 | _aPropriedade Fisico-Quimica | ||
| 650 | _aAcidez do Solo | ||
| 650 | _aSulfato de Calcio | ||
| 650 | _aResposta da Planta | ||
| 650 | _aCrescimento | ||
| 909 |
_a202309 _bLucia _c55 _dLucia Elande |
||
| 942 | _cBK | ||
| 999 |
_c61365 _d61365 |
||